Top 5-Letter Surnames (2000) Quiz Stats

 Plays Quiz Updated Oct 10, 2016

Challenge
Share
Tweet
Embed
Score 0/50 Timer 12:00
9 Plays Today
Rank Surname % Correct
1Smith
96.1%
5Jones
85.3%
4Brown
67.9%
20White
63.2%
160Black
62.3%
37Green
55.5%
80James
50.9%
39Adams
45.8%
7Davis
44.9%
32Allen
32.6%
26Lewis
31.6%
25Clark
29%
192Grant
28.9%
21Lopez
28%
48Evans
27.9%
31Young
26.8%
38Baker
23.7%
16Moore
22.6%
68Gomez
21.7%
149Mason
20.9%
69Kelly
19.8%
165Mills
19.5%
126Owens
19.3%
117Hayes
18.4%
36Scott
18.2%
Rank Surname % Correct
29Perez
17.5%
142Henry
17.4%
133Woods
17.4%
131Wells
16.3%
97Perry
16%
162Stone
15.9%
121Ellis
15.2%
84Price
13.2%
141Burns
12.9%
205Berry
12.6%
136Olson
11.8%
210Riley
11.1%
94Ortiz
10.4%
156Dixon
10.3%
163Meyer
10.2%
85Myers
10%
172Patel
9.8%
81Reyes
8.2%
229Burke
7.8%
112Ramos
6.7%
183Payne
6.7%
155Hicks
6.7%
232Munoz
5.4%
220Garza
4.9%
214Silva
4.3%

You're not logged in!

Compare scores with friends on all Sporcle quizzes.
OR
Log In

You Might Also Like...

Show Comments

Extras

Top Quizzes Today


Score Distribution

Your Account Isn't Verified!

In order to create a playlist on Sporcle, you need to verify the email address you used during registration. Go to your Sporcle Settings to finish the process.

Report this User

Report this user for behavior that violates our Community Guidelines.

Details: